01059nam0a22002411 4500001001100000005001700011021001900028035002600047100004100073101000800114102000700122105001800129200025000147210002800397215002200425300007500447606008600522702003400608712011700642801001800759801002200777852001800799rc\363541320260407111128.0 aRUb[74-60629] a(NLR Aleph) 007826728 a20130115d1973 |||y0rusy50 ca0 arus aRU aa z |||||1 aМетодические рекомендации по конструированию женской верхней одеждыfM-во бытового обслуживания населения УССР. Респ. дом моделей aКиевcБ. и.d1973 a56 с.cил.d28 aНа обороте тит. л.: разраб. Ластовка О.А. aОдежда женская, верхняяxКонструирование2psbo 1aЛастовкаbО.А.457002aУкраинский республиканский дом моделейcКиев3RU\NLR\AUTH\889938691 0aRUbNLRgpsbo 1aRUbELAR2rusmarc aNLRj74-8/860